Sports Quiz

Random Sports or NFL Quiz

NFL Starting QBs (Chicago Bears) Quiz Stats

 Plays Quiz Updated Jan 4, 2021

Support Sporcle.
Go Orange.
Score 0/24 Timer 04:00
20 Plays Today
Starts Player % Correct
31Rex Grossman
83.8%
33Kyle Orton
79.5%
50Mitchell Trubisky
73.1%
102Jay Cutler
69.3%
7Nick Foles
67.2%
7Josh McCown
44.9%
15Cade McNown
42.9%
26Jim Miller
42.3%
7Kordell Stewart
39.8%
4Mike Glennon
36%
3Chase Daniel
33.8%
6Brian Griese
32.6%
Starts Player % Correct
4Caleb Hanie
29.5%
5Brian Hoyer
27.5%
6Matt Barkley
27.1%
1Jason Campbell
26.4%
2Jimmy Clausen
23.1%
15Shane Matthews
22.3%
5Craig Krenzel
21.9%
13Chris Chandler
20.1%
5Chad Hutchinson
18.8%
1Henry Burris
18.4%
3Jonathan Quinn
14.9%
1Todd Collins
10.9%

From the Vault

African Capital Border Blitz

by Headers2304

Geography 60s
Name a capital of Africa and you'll get the capitals of every bordering country. Are you up for the challenge?
Remove Ads.
Support Sporcle.
Get the best of Sporcle when you Go Orange. This ad-free experience offers more features, more stats, and more fun while also helping to support Sporcle. Thank you for becoming a member.

Show Comments

Extras

Top Quizzes Today


Score Distribution

Your Account Isn't Verified!

In order to create a playlist on Sporcle, you need to verify the email address you used during registration. Go to your Sporcle Settings to finish the process.

Report this User

Report this user for behavior that violates our Community Guidelines.

Details: